| 000 | 01421nam0a22003011 4500 | ||
|---|---|---|---|
| 001 | rc\35911 | ||
| 005 | 20250620154202.0 | ||
| 010 |
_a5-87367-067-6 _95000 |
||
| 035 | _a(NLR Aleph) 005319594 | ||
| 090 |
_a6473777 _c6473777 |
||
| 100 | _a20021216d1994 |||y0rusy50 ca | ||
| 101 | 0 | _arus | |
| 102 | _aRU | ||
| 105 | _aa ||||||||| | ||
| 200 | 1 |
_aХижина дяди Тома _e[Роман] _fГ. Бичер-Стоу _g[Сокр. пер. с англ. Н. Волжиной] |
|
| 210 |
_aОмск _cОмская обл. тип. _d1994 |
||
| 215 |
_a605 с. _cил. _d21 |
||
| 225 | 1 | _aШкольная библиотека | |
| 300 | _aПеред вып. дан. 2-й авт.: Мери Мейп Додж | ||
| 423 | 0 |
_12001#$aСеребряные коньки$e[Повесть]$fМ. Додж$g[Пер. с англ. М.И. Клягиной-Кондратьевой$gПослесл. И. Волевич] _1700#1$aДодж$bM. M.$f1831-1905$3RU\NLR\AUTH\770279674$gMary Mapes _tСеребряные коньки _aДодж, Mary Mapes (1831-1905) |
|
| 604 |
_1700#1$aДодж$bМ.М.$gМери Мейпс _150010$aСеребряные коньки$2psbo _aДодж, Мери Мейпс _tСеребряные коньки |
||
| 700 | 1 |
_aБичер-Стоу _bГ. _f1811-1896 _gГарриет |
|
| 801 | 0 |
_aRU _bNLR _gpsbo |
|
| 801 | 1 |
_aRU _bELAR _2rusmarc |
|
| 852 |
_aNLR _j95-3/1391 |
||
| 942 | _cBOOK | ||
| 980 | _aNB | ||